Perso de Stranger Things ou d’Harry Potter - Statistiques

Statistiques générales
  • Ce quiz a été pris 253 fois
  • Le résultat moyen est 8 sur 17
Answers on the Grid
Answers color-coded by a green-red scale on the quiz's grid according to % correct below.
Mike
Nancy
Jonathan
Hermione
Lola
Nina
Mia
Eleven
Dustin
Jake
James
Susan
Max
Remus
Clovis
Manus
Paul
Arthur
Noah
Millie
Gaten
Jim
Joyce
Luna
Neville
Ginny
Emma
Erica
Steve
Robin
 
Statistiques - réponses
Réponse % Correct
Mike
84%
Nancy
82%
Eleven
79%
Jonathan
76%
Dustin
74%
Hermione
74%
Max
49%
James
42%
Remus
39%
Steve
37%
Joyce
33%
Robin
32%
Neville
31%
Erica
29%
Ginny
28%
Jim
25%
Luna
24%
Aucun quiz correspondant
Distribution des résultats
% des personnes avec chaque résultat
Percentile par nombre de réponses
Votre historique - résultats
Vous n’avez pas pris ce quiz